Coupe du monde 2027 Rugby - Statistiques

Statistiques générales
  • Ce quiz a été pris 94 fois
  • Le résultat moyen est 21 sur 24
Statistiques - réponses
Poule Nations % Correct
Poule E 🇫🇷 France
100%
Poule B 🇿🇦 Afrique du Sud
99%
Poule A 🇳🇿 Nouvelle-Zélande
99%
Poule F 🏴󠁧󠁢󠁥󠁮󠁧󠁿 Angleterre
98%
Poule D 🇮🇪 Irlande
98%
Poule A 🇦🇺 Australie
96%
Poule C 🇦🇷 Argentine
95%
Poule D 🏴󠁧󠁢󠁳󠁣󠁴󠁿 Écosse
95%
Poule B 🇮🇹 Italie
94%
Poule F 🏴󠁧󠁢󠁷󠁬󠁳󠁿 Pays de Galles
94%
Poule E 🇯🇵 Japon
93%
Poule C 🇪🇸 Espagne
90%
Poule E 🇺🇸 États-Unis
88%
Poule C 🇫🇯 Fidji
88%
Poule E 🇼🇸 Samoa
88%
Poule D 🇵🇹 Portugal
86%
Poule C 🇨🇦 Canada
83%
Poule F 🇹🇴 Tonga
82%
Poule A 🇭🇰 Hong Kong
80%
Poule A 🇨🇱 Chili
78%
Poule D 🇺🇾 Uruguay
76%
Poule B 🇬🇪 Géorgie
70%
Poule B 🇷🇴 Roumanie
66%
Poule F 🇿🇼 Zimbabwe
57%
Aucun quiz correspondant
Distribution des résultats
% des personnes avec chaque résultat
Percentile par nombre de réponses
Votre historique - résultats
Vous n’avez pas pris ce quiz